000 00353nam a2200097Ia 4500
082 _a364.151|SARK
245 0 _aGermany's genocide of the Herero : Kaiser Wilhelm II, his general, his settlers, his soldiers
100 _a SARKIN-HUGHES, Jeremy Cape Town, South Africa, [c.2011]
_947608
942 _cBK
008 210817s9999 xx 000 0 und d
999 _c155524
_d155523